000 00824nas a2200289 4500
001 BR9904101
003 BR-BrBNA
005 20231205101532.0
007 ta
008 230509b bl.|||p| |||| 00| 00por d
040 _aBR-BrBNA
_bpor
_cBiblioteca Nacional de Agricultura
041 _a(Pt)
072 _aK50
100 1 _aSilva, M.R. da
100 1 _aColodette, J.L.
100 1 _aBrito, A.C.H. de
245 1 _aFechamento de circuito - o efeito da deslignificacao intensiva com oxigenio
650 _aEucalipto
650 _aCelulose
650 _aPolpa
650 _aOxigenio
650 _aClarificacao
650 _aIndustria Florestal
773 0 _tRevista Arvore (Brazil)
_xISSN 0100-6762
_g(1998), v. 22(3) p. 401-411
_wBR9904101
909 _a202311
_bLúcia
_c55
_dLúcia Elande
942 _2AGRIS
_n0
_cANA
999 _c162376
_d162376